000 00370 a2200157 4500
001 126386
020 _a9788540309098
040 _cEscola Canadense de Niteroi
100 _aMaria Amélia Vieira
245 1 0 _aViver Valores: Língua Portuguesa 3º Ano
300 _bil.
362 0 _a2018
490 0 _aViver Valores
650 4 _aLíngua Portuguesa
942 _cBK
999 _c126386
_d126386